| 000 | 02277nam a2200217Ia 4500 | ||
|---|---|---|---|
| 003 | OSt | ||
| 005 | 20260107150925.0 | ||
| 008 | 210210b2001 xxu||||| |||| 00| 0 eng d | ||
| 040 | _cAL | ||
| 041 | _aKannada | ||
| 082 | _aK894.309 SHIN | ||
| 100 |
_aSHIVARAMA PADIKKAL. _dಶಿವರಾಮ ಪಡಿಕ್ಕಲ್ _9202114 |
||
| 245 |
_aNadu-nudiya Rupaka Rashtra Adhunikathe Mattu Kannadada Modala Kadambarigalu. _bನಾಡು-ನುಡಿಯ ರೂಪಕ ರಾಷ್ಟ್ರಆಧುನಿಕತೆ ಮತ್ತು ಕನ್ನಡದ ಮೊದಲ ಕಾದಂಬರಿಗಳು |
||
| 260 |
_aMangalagangotri. _bPrasaranga, Mangaluru Vishwavidyanilaya., _c2001 |
||
| 300 | _a280 | ||
| 520 | _a"ನಾಡು-ನುಡಿಯ ರೂಪಕ: ರಾಷ್ಟ್ರ, ಆಧುನಿಕತೆ ಮತ್ತು ಕನ್ನಡದ ಮೊದಲ ಕಾದಂಬರಿಗಳು" ಎನ್ನುವುದು ಡಾ. ಶಿವರಾಂ ಪಡಿಕಲ್ ರಚಿಸಿದ ಒಂದು ಪ್ರಬಂಧ/ಸಂಶೋಧನಾ ಗ್ರಂಥವಾಗಿದ್ದು, ಇದು ಕನ್ನಡದ ರಾಷ್ಟ್ರಭಕ್ತಿ, ಆಧುನಿಕತೆ ಮತ್ತು ಮೊದಲು ಬಂದ ಕಾದಂಬರಿಗಳ ಆಳವಾದ ವಿಶ್ಲೇಷಣೆ ಮಾಡುತ್ತದೆ, ವಿಶೇಷವಾಗಿ ರಾಷ್ಟ್ರ ಕಟ್ಟುವ ಪ್ರಕ್ರಿಯೆಯಲ್ಲಿ ಭಾಷೆ ಮತ್ತು ಸಾಹಿತ್ಯದ ಪಾತ್ರವನ್ನು ವಿವರಿಸುತ್ತದೆ. ಇದು ಆಧುನಿಕ ಕನ್ನಡ ಸಾಹಿತ್ಯದ ಆರಂಭದ ಕಾದಂಬರಿಗಳಾದ 'ಮುದ್ರಾಮಂಜೂಷ'ದಂತಹ ಕೃತಿಗಳನ್ನು ಆಧರಿಸಿ ನಾಡು, ನುಡಿ ಮತ್ತು ರಾಷ್ಟ್ರದ ಕಲ್ಪನೆಗಳ ಬೆಳವಣಿಗೆಯನ್ನು ವಿಶ್ಲೇಷಿಸುತ್ತದೆ, ಆಧುನಿಕತೆಯ ಆಗಮನದೊಂದಿಗೆ ಕನ್ನಡ ಕಾದಂಬರಿಗಳು ಹೇಗೆ ವಿಕಸನಗೊಂಡವು ಎಂಬುದನ್ನು ತೋರಿಸುತ್ತದೆ | ||
| 650 |
_aKadambarigala Vimarshe _9202115 |
||
| 690 |
_aKannada Criticism _9202116 |
||
| 906 | _a057287 | ||
| 942 |
_2ddc _cBK |
||
| 999 |
_c104858 _d104858 |
||